RICS Agenda for Change: key documents (Record no. 102274)
[ view plain ]
| 000 -LEADER | |
|---|---|
| fixed length control field | 01144cam a2200301 4500 |
| 001 - CONTROL NUMBER | |
| control field | J119227 |
| 008 - FIXED-LENGTH DATA ELEMENTS--GENERAL INFORMATION | |
| fixed length control field | 020806n1999 000 0 eng u |
| 035 ## - SYSTEM CONTROL NUMBER | |
| System control number | (Sirsi) u119227 |
| 041 ## - LANGUAGE CODE | |
| Language code of text/sound track or separate title | eng. |
| 100 ## - MAIN ENTRY--PERSONAL NAME | |
| Personal name | Lay, R. |
| 110 ## - MAIN ENTRY--CORPORATE NAME | |
| Corporate name or jurisdiction name as entry element | Royal Institution of Chartered Surveyors |
| 9 (RLIN) | 4900 |
| 245 ## - TITLE STATEMENT | |
| Title | RICS Agenda for Change: key documents |
| 260 ## - PUBLICATION, DISTRIBUTION, ETC. | |
| Place of publication, distribution, etc. | London |
| Name of publisher, distributor, etc. | RICS |
| Date of publication, distribution, etc. | 1998-1999 |
| 300 ## - PHYSICAL DESCRIPTION | |
| Extent | 9 booklets and leaflets in folder |
| Dimensions | 32cm. |
| 505 ## - FORMATTED CONTENTS NOTE | |
| Formatted contents note | Agenda for Change: strategy development process 1998-2001 |
| 505 ## - FORMATTED CONTENTS NOTE | |
| Formatted contents note | The Agenda for Change: 1998 Presidential Address - Richard Lay |
| 505 ## - FORMATTED CONTENTS NOTE | |
| Formatted contents note | Agenda for Change: first progress report 1998 |
| 505 ## - FORMATTED CONTENTS NOTE | |
| Formatted contents note | Agenda for Change: second progress report 1998 |
| 505 ## - FORMATTED CONTENTS NOTE | |
| Formatted contents note | Agenda for Change - third progress report - February 1999 |
| 505 ## - FORMATTED CONTENTS NOTE | |
| Formatted contents note | Agenda for Change - fourth progress report - April 1999 |
| 505 ## - FORMATTED CONTENTS NOTE | |
| Formatted contents note | The Values of Change: 1999 Presidential Address - Simon Kolesar |
| 505 ## - FORMATTED CONTENTS NOTE | |
| Formatted contents note | Thinking globally acting locally - June 1999 |
| 505 ## - FORMATTED CONTENTS NOTE | |
| Formatted contents note | The agenda for the RICS/ISVA merger |
| 650 ## - SUBJECT ADDED ENTRY--TOPICAL TERM | |
| Topical term or geographic name entry element | AGENDA FOR CHANGE |
| 690 ## - LOCAL SUBJECT ADDED ENTRY--TOPICAL TERM (OCLC, RLIN) | |
| Topical term or geographic name as entry element | RICS NEWS |
| 700 ## - ADDED ENTRY--PERSONAL NAME | |
| Personal name | Kolesar, S. |
| 942 ## - ADDED ENTRY ELEMENTS (KOHA) | |
| Suppress in OPAC | 0 |
| Withdrawn status | Lost status | Source of classification or shelving scheme | Damaged status | Not for loan | Home library | Current library | Shelving location | Date acquired | Total Checkouts | Full call number | Barcode | Date last seen | Copy number | Price effective from | Koha item type |
|---|---|---|---|---|---|---|---|---|---|---|---|---|---|---|---|
| Dewey Decimal Classification | London | London | RICS Boxes | 06/08/2002 | RICS 1999/71 | 30066353 | 06/08/2019 | 1 | 06/08/2019 | Reference material |